[Event "15. Lovfalds EMT Basis 4 2001"]
[Site "Ringsted"]
[Date "2001.09.14"]
[Round "1"]
[White "Abdi, Farhad"]
[Black "Jensen, Preben"]
[Result "1-0"]
[WhiteElo "1253"]
[BlackElo "1209"]
[PlyCount "95"]
[EventDate "2001.??.??"]

1. Nf3 Nf6 2. g3 d5 3. Bg2 e6 4. d4 Be7 5. Bf4 O-O 6. O-O Nbd7 7. c3 Nh5 8. Bc1
c6 9. Qc2 b6 10. Nbd2 Bb7 11. e4 Rc8 12. e5 c5 13. Nb3 g6 14. Bh6 Ng7 15. Rad1
Re8 16. Qc1 Nf5 17. Bg5 cxd4 18. Nbxd4 Nxd4 19. Bxe7 Qxe7 20. Rxd4 Kg7 21. Re1
Nc5 22. Ng5 h6 23. Nh3 Ne4 24. Qe3 f6 25. Qf4 g5 26. exf6+ Nxf6 27. Qe5 Qf7 28.
f4 g4 29. Nf2 Kf8 30. h3 h5 31. hxg4 hxg4 32. Qg5 Qg7 33. Re5 Rc7 34. Qh4 Kf7
35. Qg5 Rg8 36. Qxg7+ Rxg7 37. f5 exf5 38. Rxf5 Re7 39. Nxg4 Kg6 40. Rxf6+ Kg5
41. Rff4 Re1+ 42. Kf2 Rge7 43. Rd2 Ba6 44. Nh2 R7e2+ 45. Rxe2 Rxe2+ 46. Kg1
Rxb2 47. Bxd5 Rd2 48. Nf3+ 1-0

[Event "15. Lovfalds EMT Basis 4 2001"]
[Site "Ringsted"]
[Date "2001.09.14"]
[Round "1"]
[White "Astrup, Knud"]
[Black "Jensen, Jan Erik"]
[Result "0-1"]
[WhiteElo "1278"]
[BlackElo "1249"]
[PlyCount "122"]
[EventDate "2001.??.??"]

1. f4 d5 2. Nf3 Nf6 3. e3 Bg4 4. Be2 Nc6 5. b3 e6 6. Bb2 Be7 7. O-O a6 8. c4
Qd7 9. cxd5 Qxd5 10. Nc3 Qd7 11. Rc1 h6 12. Ne1 Bxe2 13. Qxe2 O-O-O 14. Nf3
Rhg8 15. Rcd1 g5 16. Ne5 Nxe5 17. fxe5 Nd5 18. Nxd5 Qxd5 19. Rxf7 Rde8 20. d4
Qe4 21. Bc1 Qg6 22. Rf2 h5 23. g3 g4 24. Rg2 Ref8 25. Qd3 Qxd3 26. Rxd3 Rf3 27.
Rd1 Rgf8 28. e4 Bb4 29. Bf4 Rd8 30. Rf2 Rxf2 31. Kxf2 Bc3 32. Ke3 c5 33. d5
Bd4+ 34. Ke2 exd5 35. exd5 Rxd5 36. Rd2 Rd8 37. Rd3 Re8 38. b4 b6 39. bxc5 bxc5
40. Kd2 Rd8 41. Be3 Bxe3+ 42. Kxe3 Rd7 43. Rc3 Rc7 44. Ke4 Kd7 45. Kd5 Ke7 46.
Rxc5 Rd7+ 47. Ke4 Rd2 48. Rc7+ Kd8 49. Rc6 Rxa2 50. Rh6 Rxh2 51. Rxa6 Rg2 52.
Rd6+ Ke7 53. Rh6 Rh2 54. Kf5 Rh3 55. Rh7+ Ke8 56. Ke6 Kd8 57. Rd7+ Kc8 58. Kd6
Rxg3 59. Rc7+ Kb8 60. Kd7 Rd3+ 61. Kc6 Rc3+ 0-1

[Event "15. Lovfalds EMT Basis 4 2001"]
[Site "Ringsted"]
[Date "2001.09.14"]
[Round "1"]
[White "Nielsen, Poul"]
[Black "Runge, Johnny"]
[Result "0-1"]
[WhiteElo "1026"]
[BlackElo "1190"]
[PlyCount "78"]
[EventDate "2001.??.??"]

1. d4 d5 2. Nc3 Nc6 3. Bf4 e6 4. a3 Nf6 5. Nb5 Bd6 6. Bxd6 cxd6 7. b4 a6 8. Nc3
b5 9. Nf3 Qc7 10. Qd2 Bd7 11. e3 Ne4 12. Qd3 Nxb4 13. axb4 Qxc3+ 14. Qxc3 Nxc3
15. Bd3 O-O 16. O-O Rfc8 17. Nd2 e5 18. Rfc1 e4 19. Bf1 Bg4 20. f3 Bf5 21. g4
Be6 22. Kf2 exf3 23. Kxf3 Ne4 24. Nb3 Rc3 25. Bd3 Bxg4+ 26. Kxg4 Nf2+ 27. Kf3
Nxd3 28. Rd1 Nxb4 29. Rd2 Rxc2 30. Rc1 Rxc1 31. Nxc1 Rc8 32. Ne2 Rc2 33. Rd1 f6
34. Rb1 Nc6 35. Ra1 a5 36. h3 b4 37. Nf4 b3 38. Nxd5 b2 39. Rb1 a4 0-1

[Event "15. Lovfalds EMT Basis 4 2001"]
[Site "Ringsted"]
[Date "2001.09.14"]
[Round "1"]
[White "Pedersen, Jon"]
[Black "Bruun, Thora"]
[Result "1-0"]
[WhiteElo "1204"]
[BlackElo "1200"]
[PlyCount "73"]
[EventDate "2001.??.??"]

1. e4 e5 2. f4 exf4 3. Nf3 Nf6 4. e5 Ng4 5. d4 g5 6. h4 Bh6 7. Nxg5 Bxg5 8.
Qxg4 d6 9. Qxg5 Qxg5 10. hxg5 Nc6 11. Bb5 Bd7 12. Bxc6 Bxc6 13. O-O h6 14. Bxf4
Rg8 15. exd6 hxg5 16. Re1+ Kf8 17. Bg3 cxd6 18. Nc3 Rg6 19. d5 Bd7 20. Rf1 Kg7
21. Ne4 f5 22. Nc3 f4 23. Bf2 a6 24. Ne2 Bg4 25. Rfe1 f3 26. Nd4 Rf8 27. Re4
Bh5 28. gxf3 Bxf3 29. Nxf3 Rxf3 30. Bd4+ Kh6 31. Kg2 g4 32. Rh1+ Kg5 33. Rf1
Rh3 34. Be3+ Kh5 35. Rf5+ Kh4 36. Bf2+ Rg3+ 37. Bxg3# 1-0

[Event "15. Lovfalds EMT Basis 4 2001"]
[Site "Ringsted"]
[Date "2001.09.14"]
[Round "1"]
[White "Hansen, Arne Mandrup"]
[Black "Madsen, Simon Rise"]
[Result "0-1"]
[WhiteElo "1248"]
[BlackElo "1204"]
[PlyCount "54"]
[EventDate "2001.??.??"]

1. d4 d5 2. Bf4 Nc6 3. e3 Nf6 4. h3 Bf5 5. c3 e6 6. Nf3 Bd6 7. Ne5 O-O 8. Nd2
Ne4 9. Nxe4 Bxe4 10. Be2 Bxg2 11. Rh2 Be4 12. Kd2 f6 13. Nxc6 bxc6 14. Bg3 c5
15. Qg1 cxd4 16. cxd4 Qb8 17. Qc1 Bb4+ 18. Kd1 a5 19. f3 Bg6 20. Qc6 Bd6 21. b3
Bxg3 22. Rg2 Bd6 23. Rc1 Qb6 24. Qd7 Rfe8 25. Rc6 Re7 26. Qxe6+ Rxe6 27. Rxb6
cxb6 0-1

[Event "15. Lovfalds EMT Basis 4 2001"]
[Site "Ringsted"]
[Date "2001.09.15"]
[Round "2"]
[White "Jensen, Preben"]
[Black "Hansen, Arne Mandrup"]
[Result "1-0"]
[WhiteElo "1209"]
[BlackElo "1248"]
[PlyCount "91"]
[EventDate "2001.??.??"]

1. d4 Nf6 2. c4 e5 3. dxe5 Ng4 4. Nf3 Bc5 5. e3 Nc6 6. Nc3 Ngxe5 7. a3 a5 8.
Be2 O-O 9. O-O Re8 10. Qc2 Nxf3+ 11. Bxf3 Ra6 12. Be2 Ne5 13. Ne4 Ba7 14. c5
Rg6 15. b4 d5 16. Rd1 c6 17. Bb2 Bb8 18. Bc3 Bh3 19. Ng3 Bg4 20. f3 Bc8 21. e4
Rxg3 22. hxg3 Ng6 23. Be1 Qg5 24. f4 Nxf4 25. gxf4 Qxf4 26. Rd3 dxe4 27. Rg3
Qh6 28. Rd1 Bxg3 29. Bxg3 Qe3+ 30. Bf2 Qg5 31. Kf1 Bf5 32. Qc1 Qxc1 33. Rxc1
axb4 34. axb4 e3 35. Bg3 Be6 36. Rc3 Bd5 37. Bf4 f5 38. Rxe3 Be4 39. Bc4+ Kf8
40. Bd6+ Re7 41. Bxe7+ Kxe7 42. g4 g6 43. Bd3 Kf6 44. Bxe4 fxe4 45. Rxe4 Kg5
46. Kg2 1-0

[Event "15. Lovfalds EMT Basis 4 2001"]
[Site "Ringsted"]
[Date "2001.09.15"]
[Round "2"]
[White "Bruun, Thora"]
[Black "Nielsen, Poul"]
[Result "0-1"]
[WhiteElo "1200"]
[BlackElo "1026"]
[PlyCount "66"]
[EventDate "2001.??.??"]

1. d4 e6 2. e4 d5 3. e5 c5 4. c3 Nc6 5. Nf3 Be7 6. c4 cxd4 7. Nxd4 dxc4 8. Nxc6
Qxd1+ 9. Kxd1 bxc6 10. Bxc4 Bc5 11. Ke2 Ne7 12. Bg5 Ng6 13. Rd1 O-O 14. Nd2 h6
15. Be3 Bxe3 16. fxe3 Nxe5 17. Bb3 Bb7 18. h3 Ba6+ 19. Kf2 Nd3+ 20. Kg1 Nxb2
21. Rdc1 Rac8 22. Rc2 Nd3 23. Rd1 Rfd8 24. Rc3 Ne5 25. Rc5 Nd3 26. Ra5 Bb5 27.
a4 Nc5 28. Bc2 Be2 29. Rc1 Rxd2 30. Rxc5 Rd5 31. Be4 Rd1+ 32. Rxd1 Bxd1 33.
Bxc6 Bxa4 0-1

[Event "15. Lovfalds EMT Basis 4 2001"]
[Site "Ringsted"]
[Date "2001.09.15"]
[Round "2"]
[White "Runge, Johnny"]
[Black "Madsen, Simon Rise"]
[Result "1-0"]
[WhiteElo "1190"]
[BlackElo "1204"]
[PlyCount "103"]
[EventDate "2001.??.??"]

1. d4 f5 2. Bf4 d5 3. e3 Nf6 4. c4 e6 5. Nc3 Bb4 6. a3 Bxc3+ 7. bxc3 O-O 8. Nf3
Nc6 9. Bd3 Ne4 10. Bxe4 fxe4 11. Nd2 Qh4 12. Bg3 Qf6 13. O-O Rf7 14. Rb1 Na5
15. c5 b6 16. f3 Ba6 17. Rf2 exf3 18. Rxf3 Qg6 19. Rxf7 Qxf7 20. Qf3 Rf8 21.
cxb6 axb6 22. Qxf7+ Rxf7 23. Re1 Nc4 24. Nxc4 Bxc4 25. h3 c5 26. dxc5 bxc5 27.
Bd6 d4 28. exd4 cxd4 29. cxd4 Rf6 30. Rc1 Ba6 31. Rc6 Rf1+ 32. Kh2 Bb7 33. Rb6
Bc8 34. Rb8 Rc1 35. Bc5 e5 36. Rxc8+ Kf7 37. Rc7+ Kg6 38. Bb6 Rxc7 39. Bxc7
exd4 40. Bf4 Kf5 41. Bd2 Ke6 42. Kg3 Kd5 43. Kf3 Ke5 44. a4 Kd5 45. a5 Kc5 46.
a6 Kb6 47. Ke4 Kxa6 48. Kxd4 Kb7 49. Ke5 Kc8 50. Ke6 Kd8 51. Kf7 g6 52. Kg7 1-0

[Event "15. Lovfalds EMT Basis 4 2001"]
[Site "Ringsted"]
[Date "2001.09.15"]
[Round "2"]
[White "Jensen, Jan Erik"]
[Black "Abdi, Farhad"]
[Result "0-1"]
[WhiteElo "1249"]
[BlackElo "1253"]
[PlyCount "90"]
[EventDate "2001.??.??"]

1. e4 e5 2. Nf3 Nf6 3. Nc3 d6 4. b3 Nc6 5. Bb5 Bd7 6. Bb2 Qe7 7. d3 a6 8. Bxc6
Bxc6 9. h3 Qd8 10. Qd2 Be7 11. O-O-O b5 12. Kb1 Bb7 13. Rhe1 c5 14. a3 Bc6 15.
Na2 a5 16. c3 Qc7 17. b4 O-O 18. Rc1 Rfd8 19. Ba1 axb4 20. axb4 c4 21. Ng1 cxd3
22. Qxd3 Ra3 23. f3 Rda8 24. Rc2 R8a6 25. Ree2 Qa7 26. Qe3 Rb3+ 27. Kc1 Qa8 28.
Qf2 Raa3 29. Rb2 Rxb2 30. Rxb2 Nh5 31. Qc2 Qa7 32. Qf2 Bg5+ 33. Kb1 Be3 34. Qh4
Nf6 35. Ne2 Qa4 36. Qe1 Qa7 37. Qd1 Ne8 38. Nec1 Bxc1 39. Qxc1 Bd7 40. Qc2 Be6
41. Qd2 Qg1+ 42. Qc1 Bxa2+ 43. Rxa2 Qxc1+ 44. Kxc1 Rxa2 45. Kb1 Rxg2 0-1

[Event "15. Lovfalds EMT Basis 4 2001"]
[Site "Ringsted"]
[Date "2001.09.15"]
[Round "3"]
[White "Astrup, Knud"]
[Black "Nielsen, Poul"]
[Result "0-1"]
[WhiteElo "1278"]
[BlackElo "1026"]
[PlyCount "98"]
[EventDate "2001.??.??"]

1. f4 d5 2. Nf3 c5 3. b3 Nc6 4. e3 Nf6 5. Bb2 Qb6 6. Be2 Ne4 7. d3 Nd6 8. c4
dxc4 9. dxc4 Bf5 10. O-O Nb4 11. Na3 Rd8 12. Qe1 Ne4 13. Bc3 Nxc3 14. Qxc3 Qa6
15. Qb2 Qe6 16. Qc1 g6 17. Rd1 Rxd1+ 18. Qxd1 Qxe3+ 19. Kh1 Bg7 20. Rc1 Bb2 21.
Nc2 Nxc2 22. Rxc2 Bxc2 23. Qxc2 Qc1+ 24. Qxc1 Bxc1 25. g3 O-O 26. Kg2 f6 27.
Ne1 b6 28. Nd3 Ba3 29. Kf3 Rd8 30. g4 h6 31. h4 Kg7 32. Bf1 h5 33. gxh5 gxh5
34. f5 Kh6 35. Nf4 Rg8 36. Nd5 Rg7 37. Ne3 Bb2 38. Nd5 Be5 39. Bd3 Bd6 40. Nf4
Rg4 41. Ne6 Rg3+ 42. Ke4 Rh3 43. Bf1 Rxh4+ 44. Kd5 Rh2 45. a3 Rf2 46. Bh3 Rf3
47. Bg2 Rxb3 48. a4 h4 49. Be4 h3 0-1

[Event "15. Lovfalds EMT Basis 4 2001"]
[Site "Ringsted"]
[Date "2001.09.15"]
[Round "3"]
[White "Hansen, Arne Mandrup"]
[Black "Bruun, Thora"]
[Result "0-1"]
[WhiteElo "1248"]
[BlackElo "1200"]
[PlyCount "84"]
[EventDate "2001.??.??"]

1. d4 d5 2. Bf4 Bf5 3. e3 Nf6 4. Nf3 Nc6 5. h3 e6 6. c3 Ne4 7. Nbd2 Bd6 8. Bg5
Nxg5 9. h4 Ne4 10. Qb3 Rb8 11. Qa4 a6 12. c4 O-O 13. c5 Be7 14. Be2 Nxd2 15.
Kxd2 Be4 16. Rh2 h6 17. g3 Ra8 18. Rg1 a5 19. Qd1 Bf6 20. Qf1 e5 21. g4 g6 22.
g5 Bg7 23. gxh6 Bxh6 24. h5 Kg7 25. Nh4 Qf6 26. f3 exd4 27. fxe4 Bxe3+ 28. Ke1
Bxg1 29. Qxg1 Ne7 30. Bd3 Rh8 31. Nf5+ Nxf5 32. exf5 Rae8+ 33. Re2 Rxe2+ 34.
Kxe2 Rxh5 35. fxg6 fxg6 36. Kd2 Qf4+ 37. Kc2 g5 38. Qe1 Rh2+ 39. Kb3 Qe3 40.
Qb1 Rh3 41. Ka4 Qxd3 42. Qe1 Qc4+ 0-1

[Event "15. Lovfalds EMT Basis 4 2001"]
[Site "Ringsted"]
[Date "2001.09.15"]
[Round "3"]
[White "Madsen, Simon Rise"]
[Black "Jensen, Preben"]
[Result "0-1"]
[WhiteElo "1204"]
[BlackElo "1209"]
[PlyCount "80"]
[EventDate "2001.??.??"]

1. e4 d6 2. Nf3 Nf6 3. Nc3 b6 4. d4 Bb7 5. e5 dxe5 6. Nxe5 g6 7. Bc4 e6 8. O-O
Bg7 9. Bf4 O-O 10. a4 Na6 11. a5 c6 12. Nxc6 Bxc6 13. Bxa6 Nd5 14. Be5 Nxc3 15.
bxc3 Qd5 16. f3 f6 17. Bg3 bxa5 18. Qe2 Rfe8 19. Rfe1 Bd7 20. Rab1 a4 21. Bb7
Bc6 22. Bxa8 Bxa8 23. Qb5 Qxb5 24. Rxb5 a3 25. Ra5 Bf8 26. Rxa7 Bd5 27. Ra6 a2
28. Bd6 Bg7 29. Ra4 Rc8 30. Bc5 Rb8 31. c4 Rb1 32. Kf2 Bxc4 33. f4 Bd5 34. g3
h5 35. h3 f5 36. Ke2 Rb2 37. Rc1 Kh7 38. Kd2 Bb3 39. Kc3 Rb1 40. Kd2 Bxa4 0-1

[Event "15. Lovfalds EMT Basis 4 2001"]
[Site "Ringsted"]
[Date "2001.09.15"]
[Round "3"]
[White "Runge, Johnny"]
[Black "Abdi, Farhad"]
[Result "1/2-1/2"]
[WhiteElo "1190"]
[BlackElo "1253"]
[PlyCount "152"]
[EventDate "2001.??.??"]

1. d4 Nf6 2. Nf3 d6 3. Nc3 e6 4. Bg5 Be7 5. e3 Bd7 6. Bd3 Nc6 7. O-O h6 8. Bf4
Nh5 9. Bg3 Bg5 10. Be2 Nxg3 11. fxg3 Bxe3+ 12. Kh1 Bg5 13. d5 Ne7 14. Nxg5 hxg5
15. dxe6 Bxe6 16. Ne4 Nf5 17. Qd2 Qe7 18. g4 Nh6 19. Qxg5 Qxg5 20. Nxg5 Ke7 21.
Nxe6 fxe6 22. Rae1 Rhf8 23. h3 Rxf1+ 24. Rxf1 Rf8 25. Rxf8 Kxf8 26. Bf3 b6 27.
Kg1 Ke7 28. Kf2 Kf6 29. Ke3 Ke5 30. g3 c5 31. c4 d5 32. cxd5 exd5 33. h4 d4+
34. Kd3 Nf7 35. b3 a5 36. a4 Nd6 37. h5 Nf7 38. Be4 Ng5 39. Bg2 Kd6 40. Kd2 Ke5
41. Kd3 Kf6 42. Ke2 Ne6 43. Be4 Nc7 44. Bd3 Nd5 45. Kf3 Kg5 46. Ke4 Nf6+ 47.
Ke5 Nxg4+ 48. Kd6 Nf2 49. Bg6 d3 50. Kc6 d2 51. Bc2 d1=Q 52. Bxd1 Nxd1 53. Kxb6
Nc3 54. Kxa5 Kxh5 55. Kb6 Nxa4+ 56. bxa4 c4 57. a5 c3 58. a6 c2 59. a7 c1=Q 60.
a8=Q Qe3+ 61. Kb5 Qxg3 62. Qe8+ g6 63. Qe2+ Qg4 64. Qh2+ Kg5 65. Qd2+ Qf4 66.
Qg2+ Kf6 67. Qc6+ Kg5 68. Qg2+ Qg4 69. Qd2+ Kh5 70. Qh2+ Kg5 71. Qd2+ Kf6 72.
Qd6+ Qe6 73. Qd8+ Kf7 74. Qc7+ Qe7 75. Qf4+ Kg8 76. Qc4+ Qf7 1/2-1/2

[Event "15. Lovfalds EMT Basis 4 2001"]
[Site "Ringsted"]
[Date "2001.09.15"]
[Round "3"]
[White "Jensen, Jan Erik"]
[Black "Pedersen, Jon"]
[Result "0-1"]
[WhiteElo "1249"]
[BlackElo "1204"]
[PlyCount "72"]
[EventDate "2001.??.??"]

1. e4 c6 2. Nf3 d5 3. exd5 cxd5 4. Bb5+ Bd7 5. Bxd7+ Nxd7 6. O-O Ngf6 7. Nc3 e6
8. d3 a6 9. a3 Bd6 10. h3 O-O 11. Bg5 Qc7 12. Ne2 Rfc8 13. c3 b5 14. d4 Ne4 15.
Be3 Nb6 16. Nd2 Nxd2 17. Qxd2 Nc4 18. Qc1 a5 19. Bf4 Bxf4 20. Nxf4 Rab8 21. Nd3
Rb6 22. Re1 Rc6 23. Qc2 Nb6 24. Qb3 Nc4 25. Re2 Qb6 26. Qc2 Nd6 27. Re5 Qxd4
28. Re2 Qb6 29. Ne5 R6c7 30. Nd3 b4 31. Qb3 Qb5 32. Rd1 bxc3 33. Qxb5 Nxb5 34.
bxc3 Nxc3 35. Rdd2 Nxe2+ 36. Rxe2 Rc3 0-1

[Event "15. Lovfalds EMT Basis 4 2001"]
[Site "Ringsted"]
[Date "2001.09.16"]
[Round "4"]
[White "Madsen, Simon Rise"]
[Black "Bruun, Thora"]
[Result "0-1"]
[WhiteElo "1204"]
[BlackElo "1200"]
[PlyCount "102"]
[EventDate "2001.??.??"]

1. e4 e5 2. Nf3 Nc6 3. Nc3 Bb4 4. a3 Ba5 5. Bc4 d6 6. O-O Nf6 7. b4 Bb6 8. d3
O-O 9. Bg5 h6 10. Bh4 Be6 11. Nd5 Bxd5 12. Bxd5 Rb8 13. c3 a6 14. Qa4 Na7 15.
d4 exd4 16. cxd4 Qd7 17. Qxd7 Nxd7 18. Bc4 Nb5 19. Bxb5 axb5 20. a4 Rfe8 21. a5
Ba7 22. Rfe1 g5 23. Bg3 g4 24. Nh4 Bxd4 25. Rac1 Rbc8 26. Nf5 Bb2 27. Nxh6+ Kh7
28. Rc2 Ba3 29. Nxg4 Bxb4 30. Rb1 Rxe4 31. h3 c6 32. Ra1 Ra8 33. f3 Re6 34.
Rca2 Ne5 35. a6 bxa6 36. Rxa6 Rxa6 37. Rxa6 Bc5+ 38. Kh2 Nxg4+ 39. hxg4 Rh6+
40. Bh4 Rxh4+ 41. Kg3 Rh1 42. Rxc6 b4 43. Rc7 Kg7 44. Rb7 Rb1 45. Kf4 b3 46.
Ke4 b2 47. Kd3 Ba3 48. Rxb2 Rxb2 49. Ke4 Rxg2 50. Ke3 d5 51. Kd3 Rg3 0-1

[Event "15. Lovfalds EMT Basis 4 2001"]
[Site "Ringsted"]
[Date "2001.09.16"]
[Round "4"]
[White "Nielsen, Poul"]
[Black "Jensen, Jan Erik"]
[Result "0-1"]
[WhiteElo "1026"]
[BlackElo "1249"]
[PlyCount "96"]
[EventDate "2001.??.??"]

1. d4 d5 2. Nc3 Nc6 3. Bf4 Bf5 4. a3 a6 5. Nf3 e6 6. g3 Nf6 7. Bg2 h6 8. O-O
Ne4 9. Nd2 Nxc3 10. bxc3 Na7 11. c4 dxc4 12. Nxc4 Nc6 13. c3 Qd7 14. e4 Bg6 15.
Re1 Be7 16. Bh3 Na7 17. d5 Qb5 18. Bf1 O-O 19. dxe6 fxe6 20. Ne5 Qe8 21. Qb3
Bf6 22. Nxg6 Qxg6 23. Qxe6+ Kh8 24. e5 Rae8 25. Qd7 Rd8 26. Qxc7 Rf7 27. Qc5
Bxe5 28. Rxe5 Nc6 29. Bg2 Nxe5 30. Qxe5 Rdf8 31. Rd1 Qc2 32. Qd4 Qb2 33. Bd5
Rd7 34. Bc1 Qc2 35. Be3 Rfd8 36. Bxh6 Qg6 37. Qh4 Qxh6 38. Qxh6+ gxh6 39. c4 b5
40. a4 bxc4 41. Rc1 Rxd5 42. Rxc4 Rd4 43. Rc6 R8d6 44. Rc8+ Kg7 45. Rc7+ Kg6
46. h4 Rxa4 47. Kg2 Ra2 48. Rc3 Rf6 0-1

[Event "15. Lovfalds EMT Basis 4 2001"]
[Site "Ringsted"]
[Date "2001.09.16"]
[Round "4"]
[White "Jensen, Preben"]
[Black "Runge, Johnny"]
[Result "1-0"]
[WhiteElo "1209"]
[BlackElo "1190"]
[PlyCount "63"]
[EventDate "2001.??.??"]

1. d4 d5 2. c4 e6 3. Nc3 Bb4 4. cxd5 exd5 5. a3 Bxc3+ 6. bxc3 Nf6 7. Nf3 c6 8.
e3 O-O 9. Bd3 Qe7 10. O-O Bg4 11. a4 Re8 12. Be2 a5 13. Ne5 Bxe2 14. Qxe2 Nbd7
15. Ba3 Qd8 16. Nd3 Ne4 17. Qc2 Qc7 18. Rae1 Re6 19. f3 Nd6 20. Nf4 Ree8 21.
Bxd6 Qxd6 22. Nh3 Re7 23. e4 dxe4 24. fxe4 f6 25. Rd1 Rae8 26. e5 fxe5 27. Ng5
Qh6 28. Qb3+ Re6 29. Nxe6 Qxe6 30. Qxe6+ Rxe6 31. dxe5 Nxe5 32. Rd8+ 1-0

[Event "15. Lovfalds EMT Basis 4 2001"]
[Site "Ringsted"]
[Date "2001.09.16"]
[Round "4"]
[White "Pedersen, Jon"]
[Black "Abdi, Farhad"]
[Result "1/2-1/2"]
[WhiteElo "1204"]
[BlackElo "1253"]
[PlyCount "67"]
[EventDate "2001.??.??"]

1. e4 e5 2. f4 Nc6 3. Nf3 exf4 4. d4 d6 5. Bxf4 Bg4 6. c3 Be7 7. Bd3 Nf6 8. O-O
Qd7 9. Nbd2 O-O 10. Bg5 Rfe8 11. Bxf6 Bxf6 12. Qe1 a6 13. Qg3 Bxf3 14. Nxf3 g6
15. Ng5 Bxg5 16. Qxg5 Kg7 17. Qf6+ Kg8 18. Bc4 Nd8 19. Rf4 Rf8 20. Rh4 Ne6 21.
Rf1 Qd8 22. Bxe6 Qxf6 23. Rxf6 fxe6 24. Rhf4 Rxf6 25. Rxf6 Re8 26. Kf2 Re7 27.
Kf3 Kg7 28. Rf4 g5 29. Rg4 Rf7+ 30. Ke2 Kg6 31. Rg3 h6 32. Rf3 Rf4 33. Ke3
Rxf3+ 34. Kxf3 1/2-1/2

[Event "15. Lovfalds EMT Basis 4 2001"]
[Site "Ringsted"]
[Date "2001.09.16"]
[Round "4"]
[White "Hansen, Arne Mandrup"]
[Black "Astrup, Knud"]
[Result "0-1"]
[WhiteElo "1248"]
[BlackElo "1278"]
[PlyCount "116"]
[EventDate "2001.??.??"]

1. b3 d5 2. Bb2 e6 3. Nf3 c5 4. e3 Nf6 5. Ne5 Nbd7 6. f4 Be7 7. Be2 O-O 8. O-O
Nxe5 9. Bxe5 Nd7 10. d3 Nxe5 11. fxe5 f6 12. exf6 Bxf6 13. d4 cxd4 14. exd4 Bd7
15. Kh1 Qb6 16. c3 Qd6 17. a3 a6 18. Ra2 Rf7 19. Bd3 Raf8 20. Raf2 Qe7 21. Rf3
e5 22. dxe5 Bxe5 23. Be2 Bc6 24. Rh3 Rxf1+ 25. Bxf1 Rf7 26. Bd3 h6 27. Re3 Qd6
28. Rh3 Bd7 29. g4 d4 30. c4 Bc6+ 31. Kg1 Qf6 32. Qc2 Bf4 33. Bf5 Be3+ 34. Kf1
Bd7 35. Ke1 Bxf5 36. gxf5 Qc6 37. Qe2 Qh1+ 38. Qf1 Qxf1+ 39. Kxf1 Rxf5+ 40. Ke2
Bg5 41. Nd2 Bxd2 42. Kxd2 Kf7 43. Kd3 Rf4 44. b4 Ke6 45. a4 Ke5 46. a5 Rf7 47.
b5 Rd7 48. bxa6 bxa6 49. Rh5+ Ke6 50. c5 Rd5 51. Rxd5 Kxd5 52. c6 Kxc6 53. Kxd4
Kb5 54. h4 g5 55. h5 g4 56. Ke4 g3 57. Kf3 g2 58. Kxg2 Kxa5 0-1

[Event "15. Lovfalds EMT Basis 4 2001"]
[Site "Ringsted"]
[Date "2001.09.16"]
[Round "5"]
[White "Bruun, Thora"]
[Black "Runge, Johnny"]
[Result "1-0"]
[WhiteElo "1200"]
[BlackElo "1190"]
[PlyCount "49"]
[EventDate "2001.??.??"]

1. d4 d5 2. c4 e6 3. Nc3 Bb4 4. Qc2 c5 5. dxc5 dxc4 6. e4 Bxc5 7. Bxc4 Nc6 8.
Nf3 Nf6 9. Bg5 h6 10. Bh4 g5 11. Bg3 Bd7 12. O-O-O Nh5 13. Be5 Rh7 14. Nb5 Rc8
15. a3 g4 16. Bd6 gxf3 17. Bxc5 Qg5+ 18. Be3 Qg6 19. Nd6+ Kd8 20. Nxc8 Kxc8 21.
gxf3 Rg7 22. Qd2 f6 23. Bxh6 Rh7 24. Be3 Ng7 25. Qxd7+ 1-0

[Event "15. Lovfalds EMT Basis 4 2001"]
[Site "Ringsted"]
[Date "2001.09.16"]
[Round "5"]
[White "Jensen, Jan Erik"]
[Black "Hansen, Arne Mandrup"]
[Result "1-0"]
[WhiteElo "1249"]
[BlackElo "1248"]
[PlyCount "71"]
[EventDate "2001.??.??"]

1. e4 c5 2. Nf3 d6 3. Nc3 Nf6 4. Bb5+ Bd7 5. Qe2 a6 6. Bxd7+ Nbxd7 7. d3 e5 8.
Bg5 Be7 9. O-O O-O 10. h3 Kh8 11. Nh4 Ng8 12. Bxe7 Qxe7 13. Nf5 Qe6 14. Nd5
Rac8 15. f4 g6 16. Nfe3 Ne7 17. f5 gxf5 18. exf5 Nxf5 19. Rxf5 f6 20. Raf1 Rf7
21. b3 Rg8 22. Nc7 Qe7 23. Ned5 Qd8 24. Qf3 Rg6 25. c4 Rfg7 26. Rf2 e4 27. dxe4
Ne5 28. Qe2 Rg3 29. Ne6 Qg8 30. Nxg7 Qxg7 31. Kh1 Qh6 32. Rxf6 Rxh3+ 33. gxh3
Qxh3+ 34. Rh2 Qg3 35. Rf8+ Kg7 36. Rg2 1-0

[Event "15. Lovfalds EMT Basis 4 2001"]
[Site "Ringsted"]
[Date "2001.09.16"]
[Round "5"]
[White "Abdi, Farhad"]
[Black "Nielsen, Poul"]
[Result "1-0"]
[WhiteElo "1253"]
[BlackElo "1026"]
[PlyCount "61"]
[EventDate "2001.??.??"]

1. e4 e6 2. d4 d5 3. e5 c5 4. Nf3 h6 5. c3 Bd7 6. Be2 c4 7. O-O Nc6 8. b3 b5 9.
Ba3 Bxa3 10. Nxa3 Qa5 11. Qc1 b4 12. cxb4 Nxb4 13. bxc4 Rc8 14. c5 Ne7 15. Qc3
Nbc6 16. Qxa5 Nxa5 17. Rab1 Nac6 18. Nb5 O-O 19. Nd6 Rb8 20. Bb5 Rfd8 21. a4
Ra8 22. Ba6 Bc8 23. Bxc8 Nxc8 24. Rb7 Na5 25. Rc7 Nxd6 26. exd6 Rdc8 27. Rb1
Nc6 28. Rbb7 Rxc7 29. dxc7 Kf8 30. Ne5 Ne7 31. Rb8+ 1-0

[Event "15. Lovfalds EMT Basis 4 2001"]
[Site "Ringsted"]
[Date "2001.09.16"]
[Round "5"]
[White "Madsen, Simon Rise"]
[Black "Astrup, Knud"]
[Result "1-0"]
[WhiteElo "1204"]
[BlackElo "1278"]
[PlyCount "43"]
[EventDate "2001.??.??"]

1. e4 e6 2. Nf3 d5 3. exd5 exd5 4. d4 Nf6 5. c4 dxc4 6. Bxc4 Bd6 7. O-O O-O 8.
Bg5 Nbd7 9. Re1 b6 10. Bd5 Rb8 11. Nc3 Bb7 12. Ne5 Be7 13. Bxb7 Rxb7 14. Nc6
Qa8 15. Nxe7+ Kh8 16. Ned5 Nxd5 17. Nxd5 c6 18. Nf4 Rbb8 19. Rc1 f6 20. Bh4 g5
21. Re7 Qb7 22. Qh5 1-0

[Event "15. Lovfalds EMT Basis 4 2001"]
[Site "Ringsted"]
[Date "2001.09.16"]
[Round "5"]
[White "Jensen, Preben"]
[Black "Pedersen, Jon"]
[Result "0-1"]
[WhiteElo "1209"]
[BlackElo "1204"]
[PlyCount "54"]
[EventDate "2001.??.??"]

1. d4 Nf6 2. c4 d6 3. Nc3 Nbd7 4. e4 e5 5. dxe5 dxe5 6. Bg5 Be7 7. Nf3 O-O 8.
Be2 c6 9. O-O Qc7 10. a3 a5 11. Qc2 h6 12. Bh4 Nb6 13. Bg3 Nbd7 14. Rad1 Nh5
15. Rd2 Nxg3 16. hxg3 Nb6 17. Rfd1 Be6 18. Na4 f6 19. Nxb6 Qxb6 20. Nh4 Bc5 21.
Bf3 Rfd8 22. b3 Bxa3 23. Bh5 Rxd2 24. Rxd2 Rd8 25. Ng6 Rxd2 26. Qxd2 Bb4 27.
Qd3 Qc7 0-1